[Event "Niedersachsen-ch op"]
[Site "Verden"]
[Date "2016.01.04"]
[Round "4"]
[White "Kuegel, Tobias"]
[Black "Wittfoth, Kai Uwe"]
[Result "1/2-1/2"]
[WhiteElo "2243"]
[BlackElo "2140"]
[PlyCount "120"]
[EventDate "2016.01.03"]
[EventType "swiss"]
[EventRounds "7"]
[EventCountry "GER"]
[SourceTitle "EXT 2018"]
[Source "ChessBase"]
[SourceDate "2017.10.13"]
[SourceVersion "1"]
[SourceVersionDate "2017.10.13"]
[SourceQuality "1"]

1. e4 d5 2. exd5 Qxd5 3. Nc3 Qd8 4. d4 c6 5. Bc4 Bf5 6. Nf3 e6 7. Qe2 Be7 8. Ne4 Bxe4 9. Qxe4 Nf6 10. Qe2 Nbd7 11. 0-0 Nd5 12. c3 0-0 13. Re1 Re8 14. Bd3 N5f6 15. Ng5 Nf8 16. Ne4 Nxe4 17. Qxe4 Bg5 18. Bxg5 Qxg5 19. f4 Qd5 20. Qxd5 exd5 21. Kf2 h5 22. h3 g6 23. Kf3 Nd7 24. g4 hxg4+ 25. hxg4 Kg7 26. g5 f5 27. gxf6+ Kxf6 28. Rg1 Rg8 29. Rg5 Rg7 30. Rh1 Rag8 31. Rh6 Nf8 32. Kg4 Rh7 33. Rxh7 Nxh7 34. Re5 a6 35. Kf3 Rd8 36. b4 Nf8 37. Re2 Kf7 38. a4 Rd6 39. Rh2 Kg7 40. Re2 Kf7 41. Rh2 Kg7 42. Rg2 Kf6 43. Rg5 Kf7 44. f5 gxf5 45. Bxf5 Ne6 46. Rg2 Nd8 47. Rh2 Rf6 48. Kg4 Ke7 49. Rh7+ Rf7 50. Rh3 Rg7+ 51. Kf4 Kd6 52. Rh6+ Kc7 53. Rh7 Rxh7 54. Bxh7 Nf7 55. Bd3 Nd6 56. Ke5 Nc8 57. a5 Nd6 58. Kf4 Nc8 59. Ke5 Nd6 60. Kf4 Nc8 1/2-1/2

[Event "Niedersachsen-ch op"]
[Site "Verden"]
[Date "2016.01.03"]
[Round "2"]
[White "Gruender, Michael"]
[Black "Wittfoth, Kai Uwe"]
[Result "1/2-1/2"]
[WhiteElo "2016"]
[BlackElo "2140"]
[PlyCount "74"]
[EventDate "2016.01.03"]
[EventType "swiss"]
[EventRounds "7"]
[EventCountry "GER"]
[SourceTitle "EXT 2018"]
[Source "ChessBase"]
[SourceDate "2017.10.13"]
[SourceVersion "1"]
[SourceVersionDate "2017.10.13"]
[SourceQuality "1"]

1. Nf3 d5 2. c4 e6 3. g3 Nf6 4. Bg2 Be7 5. 0-0 0-0 6. d4 c6 7. Qc2 Nbd7 8. Nbd2 Re8 9. e4 Nxe4 10. Nxe4 dxe4 11. Qxe4 Bf6 12. Rd1 a5 13. Be3 Qe7 14. Ne5 g6 15. Rab1 Bg7 16. h4 f6 17. Nf3 e5 18. g4 exd4 19. Qxe7 Rxe7 20. Bxd4 Nf8 21. Nh2 Be6 22. b3 Rd7 23. Bc3 a4 24. Bf3 f5 25. Bxg7 Kxg7 26. g5 axb3 27. axb3 Ra3 28. Kg2 h6 29. Be2 hxg5 30. hxg5 Rxd1 31. Bxd1 b5 32. Be2 Nd7 33. Nf3 b4 34. Nd4 Nc5 35. Bf3 Bd7 36. Bxc6 Bxc6+ 37. Nxc6 Nxb3 1/2-1/2

[Event "Bad Woerishofen op 31st"]
[Site "Bad Woerishofen"]
[Date "2015.03.05"]
[Round "8"]
[White "Pirrot, Dieter"]
[Black "Wittfoth, Kai Uwe"]
[Result "1-0"]
[WhiteElo "2376"]
[BlackElo "2139"]
[PlyCount "59"]
[EventDate "2015.02.27"]
[EventType "swiss"]
[EventRounds "9"]
[EventCountry "GER"]
[SourceTitle "CBM 165 Extra"]
[Source "ChessBase"]
[SourceDate "2015.04.21"]
[SourceVersion "1"]
[SourceVersionDate "2015.04.21"]
[SourceQuality "1"]

1. e4 d5 2. exd5 Qxd5 3. Nf3 Nf6 4. d4 c6 5. Be2 Bf5 6. c4 Qa5+ 7. Nc3 e6 8. 0-0 Be7 9. Re1 0-0 10. Bd2 Qc7 11. Rc1 a6 12. Nh4 Bg6 13. Nxg6 hxg6 14. Bf3 Bd6 15. g3 Nbd7 16. c5 Be7 17. Bf4 Qc8 18. g4 Re8 19. g5 Nd5 20. Nxd5 exd5 21. Bg4 Qd8 22. Qb3 Ra7 23. Qh3 Nf8 24. Re3 f5 25. gxf6 Bxf6 26. Rce1 Rxe3 27. Rxe3 Bg5 28. Be6+ Nxe6 29. Qxe6+ Kh7 30. Rh3+ 1-0

[Event "Bad Woerishofen op 31st"]
[Site "Bad Woerishofen"]
[Date "2015.03.02"]
[Round "4"]
[White "Rudolf, Anna"]
[Black "Wittfoth, Kai Uwe"]
[Result "1-0"]
[WhiteElo "2319"]
[BlackElo "2139"]
[PlyCount "33"]
[EventDate "2015.02.27"]
[EventType "swiss"]
[EventRounds "9"]
[EventCountry "GER"]
[SourceTitle "CBM 165 Extra"]
[Source "ChessBase"]
[SourceDate "2015.04.21"]
[SourceVersion "1"]
[SourceVersionDate "2015.04.21"]
[SourceQuality "1"]

1. e4 d5 2. exd5 Qxd5 3. Nc3 Qd6 4. d4 Nf6 5. Nf3 a6 6. g3 Bg4 7. h3 Bxf3 8. Qxf3 Qc6 9. d5 Qd7 10. Be3 g6 11. Bg2 Qc8 12. 0-0-0 Nbd7 13. d6 c6 14. Bd4 Bg7 15. dxe7 Kxe7 16. Ne4 Re8 17. Qa3+ 1-0

[Event "Bremen-ch op"]
[Site "Bremen"]
[Date "2012.04.05"]
[Round "7"]
[White "Schimmer, Karsten"]
[Black "Wittfoth, Kai Uwe"]
[Result "1-0"]
[WhiteElo "2118"]
[BlackElo "2155"]
[PlyCount "63"]
[EventDate "2012.03.31"]
[EventType "swiss"]
[EventRounds "9"]
[EventCountry "GER"]
[SourceTitle "EXT 2022"]
[Source "ChessBase"]
[SourceDate "2021.10.06"]
[SourceVersion "1"]
[SourceVersionDate "2021.10.06"]
[SourceQuality "1"]

1. d4 Nf6 2. Nf3 g6 3. c4 c5 4. Nc3 Bg7 5. e4 cxd4 6. Nxd4 0-0 7. Be2 Nc6 8. Be3 d6 9. 0-0 Bd7 10. Qd2 Ng4 11. Bxg4 Bxg4 12. f3 Bd7 13. Rac1 Re8 14. Rfd1 Qa5 15. c5 Ne5 16. Qe2 Ba4 17. Nxa4 Qxa4 18. cxd6 Qxa2 19. Nb5 Qa6 20. Ra1 Qc6 21. Nc7 exd6 22. Rdc1 Qd7 23. Nxa8 Rxa8 24. Rxa7 Rxa7 25. Bxa7 Nc6 26. Bf2 Be5 27. Qd2 Qe7 28. b4 Qf6 29. Be3 h5 30. b5 Nd4 31. Rc8+ Kg7 32. f4 1-0

[Event "Bremen-ch op"]
[Site "Delmenhorst"]
[Date "2011.04.23"]
[Round "6"]
[White "Jung, Gerald"]
[Black "Wittfoth, Kai Uwe"]
[Result "1/2-1/2"]
[WhiteElo "2029"]
[BlackElo "2172"]
[PlyCount "37"]
[EventDate "2011.04.16"]
[EventType "swiss"]
[EventRounds "9"]
[EventCountry "GER"]
[SourceTitle "EXT 2012"]
[Source "ChessBase"]
[SourceDate "2011.11.24"]
[SourceVersion "1"]
[SourceVersionDate "2011.11.24"]
[SourceQuality "1"]

1. e4 c6 2. d4 d5 3. Nc3 dxe4 4. Nxe4 Bf5 5. Ng3 Bg6 6. h4 h6 7. Nf3 Nd7 8. h5 Bh7 9. Bd3 Bxd3 10. Qxd3 Ngf6 11. Bd2 e6 12. 0-0-0 a5 13. Ne4 Nxe4 14. Qxe4 Nf6 15. Qe2 Qd5 16. c4 Qe4 17. Rde1 Qxe2 18. Rxe2 Bb4 19. Ne5 1/2-1/2

[Event "Bremen-ch op"]
[Site "Delmenhorst"]
[Date "2011.04.23"]
[Round "5"]
[White "Wittfoth, Kai Uwe"]
[Black "Quass, Michael"]
[Result "1-0"]
[WhiteElo "2172"]
[BlackElo "1836"]
[PlyCount "97"]
[EventDate "2011.04.16"]
[EventType "swiss"]
[EventRounds "9"]
[EventCountry "GER"]
[SourceTitle "EXT 2012"]
[Source "ChessBase"]
[SourceDate "2011.11.24"]
[SourceVersion "1"]
[SourceVersionDate "2011.11.24"]
[SourceQuality "1"]

1. d4 Nf6 2. Nf3 e6 3. Bg5 c5 4. e3 b6 5. Bd3 Be7 6. Nbd2 Bb7 7. 0-0 0-0 8. c3 d6 9. Qb1 Nbd7 10. Rd1 Qc7 11. Bxh7+ Nxh7 12. Bxe7 Rfe8 13. Bh4 Ndf8 14. e4 Ng6 15. Bg3 Qe7 16. dxc5 dxc5 17. Nc4 Red8 18. Qc2 Nf6 19. Nd6 Bc6 20. Ng5 Be8 21. Qe2 e5 22. Nxe8 Nxe8 23. Nf3 Nf6 24. Nh4 Nf4 25. Qf3 Qc7 26. Nf5 c4 27. Bxf4 exf4 28. g3 Qe5 29. Qxf4 Qxf4 30. gxf4 Nxe4 31. Rd4 Rxd4 32. Nxd4 Nc5 33. Rb1 Re8 34. Kg2 Ne6 35. Nxe6 Rxe6 36. Kf3 Kf8 37. Rd1 Rc6 38. Rd7 a6 39. a4 Ke8 40. Ra7 a5 41. Rb7 Kf8 42. h3 Ke8 43. f5 Rf6 44. Ke4 Rd6 45. Ke5 Rh6 46. h4 Rxh4 47. Rxb6 Rh5 48. Rb5 g6 49. Kd6 1-0

[Event "Bremen-ch op"]
[Site "Delmenhorst"]
[Date "2011.04.17"]
[Round "2"]
[White "Wundahl, Juergen"]
[Black "Wittfoth, Kai Uwe"]
[Result "0-1"]
[WhiteElo "1627"]
[BlackElo "2172"]
[PlyCount "78"]
[EventDate "2011.04.16"]
[EventType "swiss"]
[EventRounds "9"]
[EventCountry "GER"]
[SourceTitle "EXT 2012"]
[Source "ChessBase"]
[SourceDate "2011.11.24"]
[SourceVersion "1"]
[SourceVersionDate "2011.11.24"]
[SourceQuality "1"]

1. c4 e6 2. Nc3 d5 3. cxd5 exd5 4. d4 c5 5. Nf3 Nc6 6. Bg5 f6 7. Bf4 c4 8. e3 Bb4 9. Be2 Nge7 10. 0-0 a6 11. h3 0-0 12. Qc1 b5 13. Nd2 Bf5 14. Bf3 Bd3 15. Re1 Re8 16. a4 Bxc3 17. bxc3 b4 18. Be2 Bxe2 19. Rxe2 f5 20. Rb1 a5 21. Nf3 Ng6 22. Bh2 Qd7 23. Qb2 Ra7 24. Kf1 h6 25. Ree1 Rc8 26. Ng1 bxc3 27. Qxc3 Nb4 28. Ra1 Rc6 29. Ne2 Rb6 30. Reb1 Qb7 31. Nc1 Qf7 32. Rb2 Rab7 33. Rab1 Qe8 34. Qa3 f4 35. exf4 Nc2 36. Rxc2 Rxb1 37. Qc5 Qe4 38. Qc8+ Nf8 39. Rc3 Re7 0-1

[Event "Bad Woerishofen op 26th"]
[Site "Bad Woerishofen"]
[Date "2010.03.12"]
[Round "7"]
[White "Kugelmann, Werner"]
[Black "Wittfoth, Kai Uwe"]
[Result "1/2-1/2"]
[WhiteElo "2240"]
[BlackElo "2150"]
[PlyCount "57"]
[EventDate "2010.03.06"]
[EventType "swiss"]
[EventRounds "9"]
[EventCountry "GER"]
[SourceTitle "CBM 135 Extra"]
[Source "ChessBase"]
[SourceDate "2010.05.04"]
[SourceVersion "1"]
[SourceVersionDate "2010.05.04"]
[SourceQuality "1"]

1. e4 c6 2. d4 d5 3. Nd2 dxe4 4. Nxe4 Bf5 5. Ng3 Bg6 6. h4 h6 7. Nh3 Nf6 8. Nf4 Bh7 9. Bc4 Nd5 10. c3 e6 11. Qe2 Nxf4 12. Bxf4 Bd6 13. Be5 Rg8 14. Nh5 Kf8 15. Rh3 Bxe5 16. Qxe5 Nd7 17. Qe3 Nf6 18. Nxf6 Qxf6 19. Rf3 Qg6 20. Rf4 Re8 21. Kf1 b5 22. Be2 Qc2 23. Qf3 Re7 24. Qxc6 g5 25. hxg5 hxg5 26. Rg4 Bf5 27. Qc8+ Re8 28. Qc5+ Re7 29. Qc8+ 1/2-1/2

[Event "Bad Woerishofen op 26th"]
[Site "Bad Woerishofen"]
[Date "2010.03.07"]
[Round "2"]
[White "Zude, Arno"]
[Black "Wittfoth, Kai Uwe"]
[Result "1/2-1/2"]
[WhiteElo "2450"]
[BlackElo "2150"]
[PlyCount "81"]
[EventDate "2010.03.06"]
[EventType "swiss"]
[EventRounds "9"]
[EventCountry "GER"]
[SourceTitle "CBM 135 Extra"]
[Source "ChessBase"]
[SourceDate "2010.05.04"]
[SourceVersion "1"]
[SourceVersionDate "2010.05.04"]
[SourceQuality "1"]

1. e4 c6 2. d4 d5 3. Nc3 dxe4 4. Nxe4 Bf5 5. Ng3 Bg6 6. h4 h6 7. Nf3 Nd7 8. h5 Bh7 9. Bd3 Bxd3 10. Qxd3 Ngf6 11. Bf4 Qa5+ 12. Bd2 Qc7 13. 0-0-0 e6 14. Ne4 Nxe4 15. Qxe4 0-0-0 16. g3 Kb8 17. c4 Ka8 18. Bc3 Be7 19. Qe2 Bf6 20. Ne5 Nb6 21. b3 Bxe5 22. dxe5 Rxd1+ 23. Rxd1 Rd8 24. Rxd8+ Qxd8 25. Qd2 Qxd2+ 26. Kxd2 c5 27. g4 Kb8 28. Kd3 Nd7 29. f4 Kc8 30. f5 Kd8 31. f6 g5 32. hxg6 fxg6 33. Ke4 b6 34. a3 a5 35. Bd2 g5 36. b4 a4 37. Be3 Ke8 38. Bd2 Kf7 39. Bc3 Kg6 40. Kf3 Kf7 41. Ke4 1/2-1/2

[Event "Niedersachsen-ch open"]
[Site "Verden"]
[Date "2010.01.04"]
[Round "4.14"]
[White "Pundt, Wilfried"]
[Black "Wittfoth, Kai Uwe"]
[Result "0-1"]
[WhiteElo "1934"]
[BlackElo "2156"]
[PlyCount "180"]
[EventDate "2010.01.03"]
[EventType "swiss"]
[EventRounds "7"]
[EventCountry "GER"]
[SourceTitle "EXT 2012"]
[Source "ChessBase"]
[SourceDate "2011.11.24"]
[SourceVersion "1"]
[SourceVersionDate "2011.11.24"]
[SourceQuality "1"]

1. e4 c6 2. d4 d5 3. Nc3 a6 4. Bd3 dxe4 5. Nxe4 Qxd4 6. Nf3 Qd8 7. Qe2 Bf5 8. Bf4 Bxe4 9. Bxe4 Nf6 10. Bd3 Nd5 11. Bd2 Nd7 12. 0-0 e6 13. Rfd1 Qc7 14. g3 Be7 15. a3 h6 16. c4 N5f6 17. Rac1 0-0 18. Bb1 Rfe8 19. Bc3 Rad8 20. Qc2 Nf8 21. Re1 N6d7 22. b4 Bf6 23. Bd2 Ne5 24. Nxe5 Bxe5 25. Be3 Bd4 26. c5 Bxe3 27. Rxe3 Rd4 28. Qe2 Red8 29. Re1 Qd7 30. Be4 Nh7 31. Bxh7+ Kxh7 32. Qf3 Kg8 33. h4 Qd5 34. Kg2 Qxf3+ 35. Kxf3 h5 36. Re5 R8d5 37. R5e4 Rd3+ 38. R4e3 Kf8 39. Kf4 Rd2 40. f3 R2d4+ 41. Re4 Rd3 42. R4e3 Ke7 43. g4 hxg4 44. fxg4 g6 45. Rh1 g5+ 46. Kf3 gxh4 47. Rxh4 Rxe3+ 48. Kxe3 Rd1 49. Rh8 Kf6 50. Rb8 Rd7 51. Rg8 Ke5 52. Rh8 f5 53. gxf5 exf5 54. Re8+ Kf6 55. Rf8+ Rf7 56. Rd8 Ke5 57. Kf3 Re7 58. Rd1 Rh7 59. Re1+ Kf6 60. Rd1 Rh3+ 61. Kf4 Rxa3 62. Rd7 Rb3 63. Rxb7 a5 64. Rc7 Rxb4+ 65. Kf3 Rc4 66. Rxc6+ Ke5 67. Rc8 Rc3+ 68. Kf2 Kd5 69. Rf8 Ke6 70. Re8+ Kd5 71. Rf8 Ke4 72. Rc8 Rc2+ 73. Ke1 f4 74. c6 Ke3 75. Kd1 Rc5 76. c7 Kf3 77. Ke1 a4 78. Kd2 a3 79. Ra8 Rxc7 80. Rxa3+ Kf2 81. Kd3 Re7 82. Ra2+ Kg3 83. Ra8 f3 84. Rg8+ Kh3 85. Rf8 Kg2 86. Rg8+ Kf1 87. Kd2 Kf2 88. Kd3 Rd7+ 89. Ke4 Ke2 90. Kf4 f2 0-1

[Event "Niedersachsen-ch open"]
[Site "Verden"]
[Date "2010.01.04"]
[Round "3.22"]
[White "Wittfoth, Kai Uwe"]
[Black "Reinkemeier, Fabian"]
[Result "1-0"]
[WhiteElo "2156"]
[BlackElo "1656"]
[PlyCount "25"]
[EventDate "2010.01.03"]
[EventType "swiss"]
[EventRounds "7"]
[EventCountry "GER"]
[SourceTitle "EXT 2012"]
[Source "ChessBase"]
[SourceDate "2011.11.24"]
[SourceVersion "1"]
[SourceVersionDate "2011.11.24"]
[SourceQuality "1"]

1. d4 g6 2. c4 Bg7 3. Nc3 d6 4. g3 c6 5. Nf3 Qc7 6. Bg2 e5 7. dxe5 dxe5 8. Ne4 Be6 9. Nfg5 Ke7 10. Nxe6 Kxe6 11. c5 Nd7 12. Bg5 h6 13. Qb3+ 1-0

[Event "Bad Woerishofen op 25th"]
[Site "Bad Woerishofen"]
[Date "2009.03.13"]
[Round "9"]
[White "Wittfoth, Kai Uwe"]
[Black "Stabolewski, Andreas"]
[Result "0-1"]
[WhiteElo "2156"]
[BlackElo "2281"]
[PlyCount "54"]
[EventDate "2009.03.05"]
[EventType "swiss"]
[EventRounds "9"]
[EventCountry "GER"]
[SourceTitle "CBM 129 Extra"]
[Source "ChessBase"]
[SourceDate "2009.05.05"]
[SourceVersion "2"]
[SourceVersionDate "2009.05.20"]
[SourceQuality "1"]

1. Nf3 g6 2. g3 Bg7 3. Bg2 e5 4. e4 Ne7 5. c4 Nbc6 6. 0-0 d6 7. h3 Be6 8. d3 h6 9. Nc3 Qd7 10. Kh2 g5 11. Be3 Nd4 12. Bxd4 exd4 13. Ne2 c5 14. Nfg1 0-0 15. f4 f5 16. Nf3 fxe4 17. dxe4 gxf4 18. Rc1 fxg3+ 19. Nxg3 Ng6 20. Nh5 Ne5 21. Nxg7 Qxg7 22. Qb3 Nxf3+ 23. Rxf3 Rxf3 24. Qxf3 Qe5+ 25. Kg1 Kh7 26. Qb3 Rg8 27. Re1 b5 0-1

[Event "Bad Woerishofen op 25th"]
[Site "Bad Woerishofen"]
[Date "2009.03.11"]
[Round "7"]
[White "Wittfoth, Kai Uwe"]
[Black "Spanton, Timothy"]
[Result "1/2-1/2"]
[WhiteElo "2156"]
[BlackElo "2008"]
[PlyCount "95"]
[EventDate "2009.03.05"]
[EventType "swiss"]
[EventRounds "9"]
[EventCountry "GER"]
[SourceTitle "CBM 129 Extra"]
[Source "ChessBase"]
[SourceDate "2009.05.05"]
[SourceVersion "2"]
[SourceVersionDate "2009.05.20"]
[SourceQuality "1"]

1. d4 d5 2. c4 Nc6 3. e3 e5 4. a3 exd4 5. cxd5 Qxd5 6. Nc3 Qd8 7. exd4 Nxd4 8. Nf3 Nxf3+ 9. Qxf3 Qf6 10. Qxf6 Nxf6 11. Nb5 Bd6 12. Nxd6+ cxd6 13. Bf4 0-0 14. f3 Re8+ 15. Kf2 d5 16. Bb5 Bd7 17. Bxd7 Nxd7 18. Rhd1 Nf6 19. Rd2 Rac8 20. Rad1 h6 21. Be3 a6 22. Bd4 Red8 23. g4 Kh7 24. Kg3 Rc6 25. Bxf6 gxf6 26. Rxd5 Rxd5 27. Rxd5 Rc2 28. b4 Rc3 29. Rd7 Kg6 30. a4 b6 31. Rd6 Ra3 32. Rxb6 Rxa4 33. Rb8 a5 34. b5 Rb4 35. b6 Kg7 36. Ra8 Rxb6 37. Rxa5 Rb4 38. f4 Rb3+ 39. Kh4 Rb4 40. f5 Rb2 41. h3 Rb3 42. Ra2 Rc3 43. Rg2 Ra3 44. Rh2 Rb3 45. Kh5 Rf3 46. h4 Rg3 47. Rf2 Rg1 48. Rf3 1/2-1/2

[Event "Bad Woerishofen op 25th"]
[Site "Bad Woerishofen"]
[Date "2009.03.08"]
[Round "4"]
[White "Gauss, Gustav"]
[Black "Wittfoth, Kai Uwe"]
[Result "0-1"]
[WhiteElo "2032"]
[BlackElo "2156"]
[PlyCount "63"]
[EventDate "2009.03.05"]
[EventType "swiss"]
[EventRounds "9"]
[EventCountry "GER"]
[SourceTitle "CBM 129 Extra"]
[Source "ChessBase"]
[SourceDate "2009.05.05"]
[SourceVersion "2"]
[SourceVersionDate "2009.05.20"]
[SourceQuality "1"]

1. d4 d5 2. e3 Nf6 3. Bd3 c5 4. c3 e6 5. Nd2 Be7 6. f4 b6 7. Nh3 a5 8. Qf3 Ba6 9. Bc2 cxd4 10. exd4 g6 11. Nf2 Nc6 12. a4 Qc7 13. Bd3 Nh5 14. Bxa6 Rxa6 15. Nd3 Bh4+ 16. g3 Bf6 17. Nf1 Bxd4 18. Rb1 Bg7 19. g4 Nf6 20. Ng3 h5 21. g5 Nd7 22. f5 exf5 23. 0-0 0-0 24. Bf4 Nce5 25. Qxd5 Qc6 26. Qxc6 Nxc6 27. Rbd1 Raa8 28. Nc1 Nde5 29. Rd6 Rac8 30. Rfd1 Nc4 31. Rd7 Nxb2 32. Rb7 0-1

[Event "Bad Woerishofen op 25th"]
[Site "Bad Woerishofen"]
[Date "2009.03.06"]
[Round "2"]
[White "Schneider, Ilja"]
[Black "Wittfoth, Kai Uwe"]
[Result "1-0"]
[WhiteElo "2496"]
[BlackElo "2156"]
[PlyCount "77"]
[EventDate "2009.03.05"]
[EventType "swiss"]
[EventRounds "9"]
[EventCountry "GER"]
[SourceTitle "CBM 129 Extra"]
[Source "ChessBase"]
[SourceDate "2009.05.05"]
[SourceVersion "2"]
[SourceVersionDate "2009.05.20"]
[SourceQuality "1"]

1. e4 c6 2. d4 d5 3. e5 Bf5 4. h4 h6 5. g4 Bd7 6. h5 e6 7. f4 c5 8. c3 Nc6 9. Nf3 Qb6 10. Rh2 cxd4 11. cxd4 Bb4+ 12. Kf2 Na5 13. b3 Ne7 14. a3 Nxb3 15. axb4 Nxa1 16. Bb2 Qxb4 17. Bxa1 Rc8 18. Bd3 Ba4 19. Qd2 Qxd2+ 20. Nfxd2 Nc6 21. Nc3 Nb4 22. Ke3 Nxd3 23. Kxd3 Bc6 24. Bb2 f6 25. Ba3 fxe5 26. dxe5 Rg8 27. Nf3 g6 28. g5 gxh5 29. Rxh5 hxg5 30. Nxg5 Bd7 31. Rh7 Kd8 32. Bd6 Rc4 33. f5 exf5 34. Nxd5 Bb5 35. Ne6+ Kc8 36. Ne7+ Kd7 37. Nxg8+ Kxe6 38. Re7+ Kd5 39. Nf6+ 1-0

[Event "Oberliga Nord W 0405"]
[Site "Germany"]
[Date "2005.01.16"]
[Round "5.7"]
[White "Stotyn, Fabian"]
[Black "Wittfoth, Kai Uwe"]
[Result "1/2-1/2"]
[WhiteElo "2197"]
[BlackElo "2156"]
[PlyCount "143"]
[EventDate "2004.10.24"]
[EventType "team-tourn"]
[EventRounds "9"]
[EventCountry "GER"]
[SourceTitle "EXT 2006"]
[Source "ChessBase"]
[SourceDate "2005.11.24"]
[SourceVersion "1"]
[SourceVersionDate "2005.11.24"]
[SourceQuality "1"]
[WhiteTeam "Nordhorn Blanke"]
[BlackTeam "Bremer SG"]
[WhiteTeamCountry "GER"]
[BlackTeamCountry "GER"]

1. e4 c6 2. d4 d5 3. Nc3 dxe4 4. Nxe4 Bf5 5. Ng3 Bg6 6. h4 h6 7. h5 Bh7 8. Nf3 Nd7 9. Bd3 Bxd3 10. Qxd3 e6 11. Bf4 Ngf6 12. 0-0-0 Be7 13. Ne4 Nxe4 14. Qxe4 Qa5 15. Kb1 Nf6 16. Qe5 Qxe5 17. Nxe5 Rd8 18. Rd3 Nd7 19. Nc4 Nf6 20. Na5 Nd5 21. Be5 f6 22. Bh2 Rd7 23. a3 Kf7 24. Re1 Re8 25. Nb3 Nb6 26. Rde3 Bf8 27. c3 Nc4 28. R3e2 Rd5 29. g4 a5 30. Nd2 Nxd2+ 31. Rxd2 c5 32. Red1 a4 33. dxc5 Rxd2 34. Rxd2 Bxc5 35. Kc2 e5 36. Bg3 Re7 37. Rd5 b6 38. Kd3 g6 39. Kc4 gxh5 40. gxh5 Ke6 41. Rd8 Kf5 42. Rg8 Rd7 43. Rg6 Rd2 44. Bh4 Rxb2 45. f3 Be7 46. Rxh6 b5+ 47. Kd5 Rh2 48. Be1 Bxa3 49. Kc6 Bb2 50. Rh8 a3 51. Ra8 Rxh5 52. Kxb5 Kf4 53. c4 Kxf3 54. c5 e4 55. Kc4 Rh1 56. Bb4 Rc1+ 57. Kd5 e3 58. Bxa3 Bxa3 59. Rxa3 Kf2 60. Ra6 Rd1+ 61. Kc4 e2 62. Rxf6+ Kg3 63. Re6 e1Q 64. Rxe1 Rxe1 65. Kd5 Kf4 66. c6 Rc1 67. Kd6 Kf5 68. c7 Kf6 69. Kd7 Rd1+ 70. Ke8 Re1+ 71. Kd7 Rd1+ 72. Ke8 1/2-1/2

[Event "Oberliga Nord W 0304"]
[Site "Germany"]
[Date "2003.10.12"]
[Round "1.6"]
[White "Priebe, Jan"]
[Black "Wittfoth, Kai Uwe"]
[Result "0-1"]
[WhiteElo "2196"]
[BlackElo "2170"]
[PlyCount "120"]
[EventDate "2003.10.12"]
[EventType "team-tourn"]
[EventRounds "9"]
[EventCountry "GER"]
[SourceTitle "EXT 2005"]
[Source "ChessBase"]
[SourceDate "2004.11.15"]
[SourceVersion "1"]
[SourceVersionDate "2004.11.15"]
[SourceQuality "1"]
[WhiteTeam "Goettingen Tempo"]
[BlackTeam "Bremer SG II"]
[WhiteTeamCountry "GER"]
[BlackTeamCountry "GER"]

1. e4 c6 2. d4 d5 3. Nd2 dxe4 4. Nxe4 Bf5 5. Ng3 Bg6 6. Nf3 Nd7 7. h4 h6 8. h5 Bh7 9. Bd3 Bxd3 10. Qxd3 Ngf6 11. Bd2 e6 12. 0-0-0 Be7 13. Ne4 Qb6 14. Nxf6+ Bxf6 15. Qe4 0-0-0 16. Be3 Nc5 17. Qg4 Na4 18. b3 Nc3 19. Rd3 Nxa2+ 20. Kb2 Nb4 21. Rd2 Nd5 22. c3 Rd7 23. Qe4 c5 24. Ne5 Bxe5 25. Qxe5 Nxe3 26. fxe3 f6 27. Qg3 Rhd8 28. Rhd1 e5 29. Qg4 c4 30. b4 Kb8 31. Ra1 Qc7 32. Qf3 Rd5 33. Kc2 exd4 34. exd4 Rg5 35. g4 Qd7 36. Rg2 Re8 37. Kd2 Qe6 38. Rgg1 Qd6 39. Rae1 Rxe1 40. Rxe1 a5 41. bxa5 Rxa5 42. Ke3 Ra3 43. Rc1 Ra2 44. Rb1 Qe7+ 45. Kf4 Qc7+ 46. Kf5 Ra5+ 47. Ke4 Qc6+ 48. Ke3 Qxf3+ 49. Kxf3 f5 50. Re1 fxg4+ 51. Kxg4 Rg5+ 52. Kh4 b5 53. Re7 Kc8 54. Rf7 b4 55. cxb4 Rd5 56. Kg4 c3 57. Rf2 Rxd4+ 58. Kf5 Rxb4 59. Kg6 Rg4+ 60. Kf7 Kb7 0-1

[Event "Bad Woerishofen op 19th"]
[Site "Bad Woerishofen"]
[Date "2003.03.19"]
[Round "7"]
[White "Dittmar, Peter"]
[Black "Wittfoth, Kai Uwe"]
[Result "1-0"]
[WhiteElo "2320"]
[BlackElo "2175"]
[PlyCount "93"]
[EventDate "2003.03.13"]
[EventType "swiss"]
[EventRounds "9"]
[EventCountry "GER"]
[SourceTitle "CBM 093 Extra"]
[Source "ChessBase"]
[SourceDate "2003.05.09"]
[SourceVersion "1"]
[SourceVersionDate "2003.05.09"]
[SourceQuality "1"]

1. d4 Nf6 2. c4 e6 3. Nc3 Bb4 4. Qc2 c5 5. dxc5 Bxc5 6. Nf3 d5 7. cxd5 Nxd5 8. Nxd5 Qxd5 9. Bd2 0-0 10. Rc1 Nd7 11. e4 Qh5 12. Be2 Bb6 13. 0-0 Ne5 14. Bc3 Nxf3+ 15. Bxf3 Qg6 16. Rfd1 Re8 17. Qa4 f6 18. e5 fxe5 19. Bxe5 Rf8 20. Bg3 e5 21. Bd5+ Be6 22. Bxb7 Rab8 23. Be4 Qf7 24. Qc2 g6 25. b3 Rbc8 26. Qd2 Bd4 27. Rxc8 Rxc8 28. Rc1 Rd8 29. Qe2 Rd6 30. h3 Qd7 31. Kh2 Bd5 32. Bxd5+ Rxd5 33. Qc4 h5 34. f3 Kf7 35. Re1 Kf6 36. Qc1 Ra5 37. Re2 Qb5 38. Rc2 Ra6 39. Bh4+ Ke6 40. Rc4 Qb8 41. Rc7 Qb5 42. Qg5 Qf1 43. Qe7+ Kd5 44. Rd7+ Kc6 45. Qd6+ Kb5 46. a4+ Ka5 47. Bd8+ 1-0

[Event "Bad Woerishofen op 19th"]
[Site "Bad Woerishofen"]
[Date "2003.03.17"]
[Round "5"]
[White "Martino Gross, Peter"]
[Black "Wittfoth, Kai Uwe"]
[Result "0-1"]
[WhiteElo "2053"]
[BlackElo "2175"]
[PlyCount "64"]
[EventDate "2003.03.13"]
[EventType "swiss"]
[EventRounds "9"]
[EventCountry "GER"]
[SourceTitle "CBM 093 Extra"]
[Source "ChessBase"]
[SourceDate "2003.05.09"]
[SourceVersion "1"]
[SourceVersionDate "2003.05.09"]
[SourceQuality "1"]

1. c4 e6 2. Nc3 d5 3. cxd5 exd5 4. d4 c6 5. Bf4 Nf6 6. Nf3 Be7 7. h3 0-0 8. e3 Bf5 9. Be2 Nbd7 10. 0-0 Ne4 11. Rc1 Rc8 12. a3 Re8 13. b4 a5 14. Qb3 axb4 15. axb4 g5 16. Bh2 g4 17. hxg4 Bxg4 18. Rc2 Ndf6 19. Nxe4 Nxe4 20. Ne5 Bxe2 21. Rxe2 f6 22. Nd3 Bd6 23. Nf4 Kh8 24. f3 Ng5 25. Kf2 Ra8 26. b5 Qe7 27. Rfe1 Ra3 28. Qb2 Bb4 29. Rb1 Rxe3 30. Qxb4 Rxe2+ 31. Nxe2 Qxe2+ 32. Kg1 Nxf3+ 0-1